WILLIS PRACTICE AND PROCEDURE FOR THE QUANTITY SURVEYOR (Record no. 4668)
[ view plain ]
| 000 -LEADER | |
|---|---|
| fixed length control field | 00488nam a22001697a 4500 |
| 008 - FIXED-LENGTH DATA ELEMENTS--GENERAL INFORMATION | |
| fixed length control field | 260421b |||||||| |||| 00| 0 eng d |
| 020 ## - INTERNATIONAL STANDARD BOOK NUMBER | |
| ISBN | 9781119832126 |
| 100 ## - MAIN ENTRY--AUTHOR | |
| Author | ASWORTH, ALLAN |
| 245 ## - TITLE STATEMENT | |
| Title | WILLIS PRACTICE AND PROCEDURE FOR THE QUANTITY SURVEYOR |
| 250 ## - EDITION STATEMENT | |
| Edition statement | 14TH |
| 260 ## - PUBLICATION, DISTRIBUTION, ETC. (IMPRINT) | |
| Place of publication | NEW YORK |
| Name of publisher | WILLEY BLACKWELL |
| Date of publication | 2023 |
| 300 ## - COLLATION | |
| Pagination | XVIII, 334 P. |
| Other physical details | ILL. |
| 650 ## - TRACINGS | |
| Main Subject | BUILDING-ESTIMATE-GREAT BRITAIN |
| Subdivision (1st) | QUATITY SURVEYOR |
| 942 ## - ADDED ENTRY ELEMENTS (KOHA) | |
| Item type | Books |
| 050 ## - LIBRARY OF CONGRESS CALL NUMBER | |
| Classification number | TH 435 |
| Item number | .A84 |
| Source of classification or shelving scheme | Not for loan | Permanent location | Current location | Date acquired | Accession No. | Full call number | Barcode. | Koha item type |
|---|---|---|---|---|---|---|---|---|
| Library of Congress Classification | Samuel Ogbemudia Main Library, University of Abuja | Samuel Ogbemudia Main Library, University of Abuja | 04/21/2026 | 2025/69444 | TH 435.A84 | 2026-0160 | Books |